[Event "GMA World Cup qual f"]
[Site "Moscow URS"]
[Date "1990.??.??"]
[Round "9"]
[White "Seirawan, Yasser"]
[Black "Sax, Gyula"]
[Result "1-0"]
[WhiteElo "2595"]
[BlackElo "2605"]
[EventDate "1990.05.??"]
[PlyCount "109"]

1.c4 c5 2.g3 g6 3.Bg2 Bg7 4.Nc3 Nc6 5.a3 b6 6.b4 cxb4 7.axb4 Bb7 8.Rb1 Qc8
9.Nd5 e6 10.Ne3 Nd4 11.Nf3 Nxf3+ 12.Bxf3 Bxf3 13.exf3 Ne7 14.O-O O-O 15.b5
Rd8 16.d3 d5 17.Ba3 Qb7 18.Bxe7 Qxe7 19.cxd5 exd5 20.Qb3 Qb7 21.f4 Rac8 
22.Rfc1 Bd4 23.Rxc8 Qxc8 24.Nc2 Qc5 25.Nxd4 Qxd4 26.Rc1 Re8 27.Kf1 Kg7 28.
Rc7 Qa1+ 29.Kg2 Qd4 30.Kf3 Re1 31.Rxa7 Rc1 32.Ra4 Qc5 33.Qb2+ Rc3 34.Qe2 
Rc2 35.Qe5+ f6 36.Qe3 Qxe3+ 37.Kxe3 Rb2 38.Ra7+ Kh6 39.g4 Rxb5 40.h4 g5 
41.hxg5+ fxg5 42.f5 Rb1 43.Rb7 Rb4 44.f3 b5 45.Rd7 Rb1 46.Rxd5 b4 47.Rd6+ 
Kg7 48.Rd7+ Kh6 49.Rb7 b3 50.Ke4 Re1+ 51.Kd4 Rf1 52.Ke4 Re1+ 53.Kd5 Rf1 
54.Ke6 Rxf3 55.Kf7 1-0

[Event "GMA World Cup qual f"]
[Site "Moscow URS"]
[Date "1990.??.??"]
[Round "9"]
[White "Eingorn, Viacheslav"]
[Black "Dolmatov, Sergei"]
[Result "1/2-1/2"]
[WhiteElo "2570"]
[BlackElo "2620"]
[EventDate "1990.05.??"]
[PlyCount "45"]

1.d4 f5 2.g3 Nf6 3.Bg2 g6 4.Nh3 d6 5.Nf4 c6 6.h4 e5 7.dxe5 dxe5 8.Qxd8+ 
Kxd8 9.Nd3 Nbd7 10.Bg5 Be7 11.Nd2 e4 12.Nf4 Ne5 13.f3 exf3 14.Nxf3 Neg4 
15.Nd4 Bd7 16.h5 Nxh5 17.Bxe7+ Kxe7 18.Nxh5 gxh5 19.Rxh5 Kf6 20.Bf3 Kg6 
21.Rh4 h5 22.O-O-O Rad8 23.e4 1/2-1/2

[Event "GMA World Cup qual f"]
[Site "Moscow URS"]
[Date "1990.??.??"]
[Round "9"]
[White "Khalifman, Alexander"]
[Black "Gelfand, Boris"]
[Result "1/2-1/2"]
[WhiteElo "2560"]
[BlackElo "2615"]
[EventDate "1990.05.??"]
[PlyCount "26"]

1.e4 e6 2.d4 d5 3.Nd2 c5 4.exd5 Qxd5 5.Ngf3 cxd4 6.Bc4 Qd6 7.O-O Nf6 8.Nb3
Nc6 9.Nbxd4 Nxd4 10.Qxd4 Bd7 11.Bf4 Qxd4 12.Nxd4 Rc8 13.Bb3 Bc5 1/2-1/2

[Event "GMA World Cup qual f"]
[Site "Moscow URS"]
[Date "1990.??.??"]
[Round "9"]
[White "De Firmian, Nick"]
[Black "Chernin, Alexander"]
[Result "1-0"]
[WhiteElo "2565"]
[BlackElo "2600"]
[EventDate "1990.05.??"]
[PlyCount "53"]

1.e4 d6 2.d4 Nf6 3.Nc3 g6 4.f4 Bg7 5.Nf3 c5 6.dxc5 Qa5 7.Bd3 Qxc5 8.Qe2 
Bg4 9.Be3 Qa5 10.O-O O-O 11.Kh1 Nc6 12.Qe1 Bxf3 13.Rxf3 Rac8 14.a3 d5 15.
e5 d4 16.exf6 Bxf6 17.Ne4 dxe3 18.Nxf6+ exf6 19.Rxe3 Qb6 20.Rb1 f5 21.c3 
Nd8 22.Bxf5 gxf5 23.Rg3+ Kh8 24.Qe7 Rg8 25.Qe5+ f6 26.Rxg8+ Kxg8 27.Qe8+ 
1-0

[Event "GMA World Cup qual f"]
[Site "Moscow URS"]
[Date "1990.??.??"]
[Round "9"]
[White "Gavrikov, Viktor"]
[Black "Tukmakov, Vladimir"]
[Result "1/2-1/2"]
[WhiteElo "2580"]
[BlackElo "2570"]
[EventDate "1990.05.??"]
[PlyCount "51"]

1.c4 c6 2.Nc3 d5 3.d4 Nf6 4.Nf3 dxc4 5.a4 Bf5 6.e3 e6 7.Bxc4 Bb4 8.O-O 
Nbd7 9.Nh4 Bg6 10.Qb3 Qb6 11.f3 Be7 12.g3 a5 13.Nxg6 hxg6 14.Rd1 Qxb3 15.
Bxb3 Nd5 16.e4 Nb4 17.Be3 e5 18.dxe5 Nxe5 19.Kg2 Ned3 20.Rd2 Bc5 21.Bxc5 
Nxc5 22.Bc4 Ke7 23.e5 Rhd8 24.Rad1 Rxd2+ 25.Rxd2 g5 26.Kf1 1/2-1/2

[Event "GMA World Cup qual f"]
[Site "Moscow URS"]
[Date "1990.??.??"]
[Round "9"]
[White "Azmaiparashvili, Zurab"]
[Black "Arnason, Jon"]
[Result "1-0"]
[WhiteElo "2610"]
[BlackElo "2500"]
[EventDate "1990.05.??"]
[PlyCount "81"]

1.d4 Nf6 2.c4 e6 3.Nc3 Bb4 4.f3 c5 5.d5 Bxc3+ 6.bxc3 d6 7.e4 Qe7 8.Ne2 Nh5
9.g4 Qh4+ 10.Kd2 Nf6 11.Qe1 Qxe1+ 12.Kxe1 h6 13.Ng3 b6 14.Bf4 e5 15.Be3 g6
16.h4 Na6 17.Be2 Nc7 18.Kd2 Kf8 19.Rag1 Nce8 20.g5 hxg5 21.hxg5 Rxh1 22.
Rxh1 Nd7 23.Rh8+ Ke7 24.Nh1 Bb7 25.Rh7 Nf8 26.Rh2 Nd7 27.Nf2 Ng7 28.f4 Ba6
29.Rh7 Rg8 30.Ng4 Nf8 31.Rh2 Nd7 32.f5 Kd8 33.fxg6 fxg6 34.Nf6 Rf8 35.Nxd7
Kxd7 36.Rh6 Bc8 37.Rxg6 Ne8 38.Rh6 Ke7 39.Rh7+ Kd8 40.Bh5 Bd7 41.Bf7 1-0

[Event "GMA World Cup qual f"]
[Site "Moscow URS"]
[Date "1990.??.??"]
[Round "9"]
[White "Tal, Mikhail"]
[Black "Makarichev, Sergei"]
[Result "1/2-1/2"]
[WhiteElo "2585"]
[BlackElo "2510"]
[EventDate "1990.05.??"]
[PlyCount "37"]

1.d4 f5 2.g3 Nf6 3.Bg2 e6 4.c4 Be7 5.Nf3 O-O 6.O-O d5 7.b3 Bd7 8.Ba3 Nc6 
9.Qc1 Be8 10.Bxe7 Qxe7 11.Qa3 Qd8 12.Nc3 Bh5 13.Rfd1 Ne4 14.Qb2 Bxf3 15.
Bxf3 Ne7 16.Rac1 c6 17.Na4 Nc8 18.Nc5 Qe7 19.Nd3 1/2-1/2

[Event "GMA World Cup qual f"]
[Site "Moscow URS"]
[Date "1990.??.??"]
[Round "9"]
[White "Spraggett, Kevin"]
[Black "Timoshenko, Georgy"]
[Result "1/2-1/2"]
[WhiteElo "2555"]
[BlackElo "2540"]
[EventDate "1990.05.??"]
[PlyCount "86"]

1.e4 c5 2.Nf3 e6 3.d3 d5 4.Qe2 Be7 5.g3 Nf6 6.Bg2 Nc6 7.O-O b6 8.Re1 dxe4 
9.dxe4 O-O 10.e5 Nd7 11.h4 Bb7 12.c3 a6 13.Bf4 b5 14.Nbd2 Qc7 15.Nh2 c4 
16.Ng4 Rfd8 17.Nf3 Nc5 18.Nf6+ gxf6 19.exf6 Bd6 20.Ng5 Bxf4 21.Qh5 Bxg5 
22.Qxg5+ Kf8 23.Qxc5+ Qd6 24.Qb6 Na5 25.Qxa5 Bxg2 26.Kxg2 Qd5+ 27.Kg1 Qf3 
28.Qb4+ Kg8 29.Qe7 Rd2 30.Rf1 Rad8 31.Rae1 R2d7 32.Re3 Qd5 33.Qa3 Rd6 34.
b3 cxb3 35.axb3 Qf5 36.Qb4 Qxf6 37.Qg4+ Kf8 38.Rf3 Qg6 39.Qf4 Rd3 40.Re1 
Rxf3 41.Qxf3 Rd3 42.Qa8+ Kg7 43.Qxa6 Rxg3+ 1/2-1/2

[Event "GMA World Cup qual f"]
[Site "Moscow URS"]
[Date "1990.??.??"]
[Round "9"]
[White "Hulak, Krunoslav"]
[Black "King, Daniel John"]
[Result "1-0"]
[WhiteElo "2560"]
[BlackElo "2515"]
[EventDate "1990.05.??"]
[PlyCount "95"]

1.d4 e6 2.Nf3 Nf6 3.Bg5 h6 4.Bh4 c5 5.e3 Be7 6.Nbd2 b6 7.c3 Bb7 8.Bxf6 
Bxf6 9.Bd3 Nc6 10.Qe2 d5 11.dxc5 bxc5 12.e4 Be7 13.O-O O-O 14.Rfe1 Qb6 15.
Nf1 c4 16.Bc2 d4 17.Qxc4 dxc3 18.bxc3 Ba6 19.Qb3 Qc5 20.Bd1 Rab8 21.Qc2 
Rfd8 22.e5 Qa3 23.Qe4 Qxc3 24.Rc1 Qxc1 25.Bc2 Qxc2 26.Qxc2 Nb4 27.Qa4 Bc5 
28.Ne3 Bb5 29.Qb3 Be8 30.Qc4 Bb6 31.h4 Nd5 32.Nf1 Rbc8 33.Qb3 Rc3 34.Qb1 
Rdc8 35.N1d2 Nf4 36.Ne4 Rc1 37.Qb4 Nd3 38.Nf6+ gxf6 39.Qg4+ Kf8 40.exf6 
Ba4 41.Qg7+ Ke8 42.Qg8+ Kd7 43.Qxf7+ Kc6 44.Rxc1+ Nxc1 45.Qxe6+ Kb7 46.f7 
Bc5 47.Qe4+ Bc6 48.Qb1+ 1-0

[Event "GMA World Cup qual f"]
[Site "Moscow URS"]
[Date "1990.??.??"]
[Round "9"]
[White "Timoschenko, Gennady"]
[Black "Nogueiras Santiago, Jesus"]
[Result "1/2-1/2"]
[WhiteElo "2505"]
[BlackElo "2555"]
[EventDate "1990.05.??"]
[PlyCount "31"]

1.c4 e6 2.Nc3 d5 3.d4 Nf6 4.Bg5 Be7 5.Nf3 h6 6.Bh4 Nbd7 7.e3 Ne4 8.Bxe7 
Qxe7 9.Rc1 Nxc3 10.Rxc3 c6 11.Bd3 O-O 12.O-O dxc4 13.Bxc4 Rd8 14.Qc2 a5 
15.a3 b6 16.Be2 1/2-1/2

[Event "GMA World Cup qual f"]
[Site "Moscow URS"]
[Date "1990.??.??"]
[Round "9"]
[White "Pigusov, Evgeny"]
[Black "Malaniuk, Vladimir"]
[Result "1/2-1/2"]
[WhiteElo "2545"]
[BlackElo "2505"]
[EventDate "1990.05.??"]
[PlyCount "45"]

1.Nf3 f5 2.c4 Nf6 3.g3 d6 4.d4 g6 5.Bg2 Bg7 6.O-O O-O 7.Nc3 Qe8 8.Re1 Qf7 
9.b3 h6 10.Bb2 g5 11.e4 fxe4 12.Nxe4 c6 13.Qd2 Na6 14.h4 Bf5 15.Nxf6+ exf6
16.Re3 Rfe8 17.Rae1 Rxe3 18.Rxe3 Re8 19.d5 c5 20.Bc3 Nc7 21.Qe1 Rxe3 22.
Qxe3 Qe8 23.Qd2 1/2-1/2

[Event "GMA World Cup qual f"]
[Site "Moscow URS"]
[Date "1990.??.??"]
[Round "9"]
[White "Naumkin, Igor"]
[Black "Vladimirov, Evgeny"]
[Result "1/2-1/2"]
[WhiteElo "2455"]
[BlackElo "2565"]
[EventDate "1990.05.??"]
[PlyCount "162"]

1.d4 Nf6 2.c4 e6 3.Nf3 b6 4.g3 Ba6 5.b3 Bb4+ 6.Bd2 Be7 7.Nc3 d5 8.cxd5 
Nxd5 9.Bg2 O-O 10.O-O Nd7 11.Nxd5 exd5 12.Rc1 Re8 13.Re1 c5 14.Be3 Bb7 15.
Bh3 cxd4 16.Bxd4 Nf6 17.Rc2 Ne4 18.Qa1 Bf8 19.Rec1 Qd6 20.Rc7 Ba6 21.Ne5 
Re7 22.R7c6 Qd8 23.R6c2 Qd6 24.Rc6 Qd8 25.R6c2 Re8 26.Rc7 Re7 27.Rxe7 Qxe7
28.Qb2 Bb5 29.a4 Be8 30.Bg2 Qe6 31.Nd3 Rc8 32.Rd1 Bc6 33.Nf4 Qe8 34.Nh5 f6
35.Nf4 Rc7 36.Be3 Qf7 37.Bh3 Ng5 38.Bg2 Ne4 39.Rc1 Bd6 40.Nd3 Bb7 41.h4 
Rxc1+ 42.Nxc1 Qe7 43.Bd4 Ba3 44.Qc2 Qb4 45.Bxe4 dxe4 46.Be3 Qd6 47.Na2 Qc6
48.Qd2 Qd5 49.Qc2 Qc6 50.Qd2 Qd5 51.Qc2 Bd6 52.Nc3 Qc6 53.Qd2 a6 54.Na2 
Qd5 55.Qc2 b5 56.Nc3 Qc6 57.axb5 axb5 58.Qd2 Bc7 59.Qd4 Be5 60.Qd8+ Kf7 
61.Nb1 Qc7 62.Qxc7+ Bxc7 63.Na3 Bc6 64.Bc5 Ke6 65.Nc2 Bd7 66.Bf8 g6 67.Bb4
Be5 68.Ne3 Be8 69.Kg2 Kd7 70.Bd2 Bf7 71.b4 Ke6 72.f4 exf3+ 73.exf3 g5 74.
hxg5 fxg5 75.g4 Bg6 76.Kf2 Bd3 77.Nd1 Bd4+ 78.Kg3 Be5+ 79.Kf2 Bd4+ 80.Kg3 
Bc2 81.Ne3 Bg6 1/2-1/2

[Event "GMA World Cup qual f"]
[Site "Moscow URS"]
[Date "1990.??.??"]
[Round "10"]
[White "Gulko, Boris"]
[Black "Dolmatov, Sergei"]
[Result "1/2-1/2"]
[WhiteElo "2610"]
[BlackElo "2620"]
[EventDate "1990.05.??"]
[PlyCount "89"]

1.c4 f5 2.g3 Nf6 3.Bg2 d6 4.Nc3 g6 5.d4 Bg7 6.Nf3 O-O 7.O-O c6 8.d5 e5 9.
dxe6 Bxe6 10.b3 Na6 11.Ng5 Bc8 12.Bb2 Nc5 13.Qc2 Qe7 14.Rad1 Bd7 15.Qd2 
Ne8 16.Rfe1 Rd8 17.f4 h6 18.Nh3 Bf6 19.e4 Qg7 20.e5 dxe5 21.fxe5 Be7 22.e6
Nxe6 23.Nd5 Bf6 24.Nxf6+ Nxf6 25.Qe3 Bc8 26.Qxa7 Rxd1 27.Rxd1 Qc7 28.Qe3 
Ng4 29.Qc3 Kh7 30.c5 Qf7 31.Nf4 Nxf4 32.gxf4 Nf6 33.Qxf6 Qxf6 34.Bxf6 Rxf6
35.Rd8 Be6 36.Re8 Bg8 37.Rb8 Rf7 38.b4 Rd7 39.a4 Bb3 40.b5 Bxa4 41.bxc6 
bxc6 42.Rc8 Rd1+ 43.Kf2 Rd2+ 44.Kg3 Rd3+ 45.Kf2 1/2-1/2

[Event "GMA World Cup qual f"]
[Site "Moscow URS"]
[Date "1990.??.??"]
[Round "10"]
[White "Gelfand, Boris"]
[Black "De Firmian, Nick"]
[Result "1/2-1/2"]
[WhiteElo "2615"]
[BlackElo "2565"]
[EventDate "1990.05.??"]
[PlyCount "45"]

1.d4 Nf6 2.c4 e6 3.Nc3 Bb4 4.f3 d5 5.a3 Bxc3+ 6.bxc3 c5 7.cxd5 Nxd5 8.dxc5
Qa5 9.e4 Ne7 10.Be3 O-O 11.Qb3 Qc7 12.a4 e5 13.Bc4 Nec6 14.Qa3 Na5 15.Bd5 
Na6 16.Rb1 Be6 17.Bxe6 fxe6 18.Qa2 Nxc5 19.Bxc5 Qxc5 20.Qxe6+ Kh8 21.Ne2 
Qe3 22.Qxe5 Rad8 23.Qxa5 1/2-1/2

[Event "GMA World Cup qual f"]
[Site "Moscow URS"]
[Date "1990.??.??"]
[Round "10"]
[White "Sax, Gyula"]
[Black "Pigusov, Evgeny"]
[Result "1/2-1/2"]
[WhiteElo "2605"]
[BlackElo "2545"]
[EventDate "1990.05.??"]
[PlyCount "109"]

1.e4 c5 2.Nf3 Nc6 3.d4 cxd4 4.Nxd4 g6 5.Nc3 Bg7 6.Be3 Nf6 7.Bc4 O-O 8.Bb3 
a5 9.a4 Ng4 10.Qxg4 Nxd4 11.Qh4 Nxb3 12.cxb3 Ra6 13.O-O Re6 14.Rad1 b6 15.
Rd2 Bb7 16.Rfd1 Bf6 17.Qg3 Bc6 18.Nd5 Be5 19.Qh4 Bd6 20.Bxb6 Qb8 21.Bd4 f6
22.Rd3 Rf7 23.Bc3 Qxb3 24.Nxf6+ exf6 25.Rxd6 Rxe4 26.Qg3 Qxa4 27.h3 Qb3 
28.Qd3 Re6 29.Rd4 Qb5 30.Qg3 Qe5 31.Rf4 Qb8 32.h4 Qb5 33.Rfd4 Kg7 34.Rd6 
Qf5 35.R6d4 Re4 36.Rxe4 Qxe4 37.Rd6 Qf5 38.Qg5 a4 39.Qg3 Qb1+ 40.Kh2 Qf5 
41.Rd4 h5 42.Rb4 Qe6 43.f3 Rf8 44.Rd4 Kh7 45.Qf4 Qf5 46.Qxf5 gxf5 47.Rd6 
Kg6 48.Kg3 Bb5 49.Kf4 Rf7 50.Rd5 Bf1 51.g3 Be2 52.Rd4 Bb5 53.Rd5 Bc6 54.
Rd4 Bb5 55.Rd5 1/2-1/2

[Event "GMA World Cup qual f"]
[Site "Moscow URS"]
[Date "1990.??.??"]
[Round "10"]
[White "Chandler, Murray Graham"]
[Black "Khalifman, Alexander"]
[Result "1/2-1/2"]
[WhiteElo "2585"]
[BlackElo "2560"]
[EventDate "1990.05.??"]
[PlyCount "65"]

1.e4 c6 2.d4 d5 3.Nd2 dxe4 4.Nxe4 Bf5 5.Ng3 Bg6 6.h4 h6 7.Nf3 Nd7 8.h5 Bh7
9.Bd3 Bxd3 10.Qxd3 e6 11.Bd2 Qc7 12.O-O-O O-O-O 13.Ne4 Ngf6 14.g3 Nc5 15.
Nxc5 Bxc5 16.c4 Rhe8 17.Bc3 Qe7 18.Ne5 Bb6 19.f4 Nd7 20.Qe2 Nxe5 21.Qxe5 
f6 22.Qe2 Qf7 23.Rhe1 g6 24.hxg6 Qxg6 25.Qf3 f5 26.Re3 Rd7 27.Qe2 Red8 28.
Rdd3 Re8 29.Kc2 h5 30.Qe1 Qf7 31.b3 Rdd8 32.Re2 Qg8 33.Rh2 1/2-1/2

[Event "GMA World Cup qual f"]
[Site "Moscow URS"]
[Date "1990.??.??"]
[Round "10"]
[White "Beliavsky, Alexander"]
[Black "Hjartarson, Johann"]
[Result "1-0"]
[WhiteElo "2640"]
[BlackElo "2505"]
[EventDate "1990.05.??"]
[PlyCount "45"]

1.d4 Nf6 2.c4 e6 3.Nc3 Bb4 4.f3 d5 5.a3 Bxc3+ 6.bxc3 c5 7.cxd5 Nxd5 8.dxc5
Qa5 9.e4 Ne7 10.Be3 O-O 11.Qb3 e5 12.Bc4 Qc7 13.Ne2 Nec6 14.Bd5 Na5 15.Qb2
Na6 16.c4 Bd7 17.O-O Nxc5 18.f4 Nab3 19.Rab1 exf4 20.Nxf4 Rae8 21.Rf3 Qe5 
22.Qxe5 Rxe5 23.Nd3 1-0

[Event "GMA World Cup qual f"]
[Site "Moscow URS"]
[Date "1990.??.??"]
[Round "10"]
[White "Gavrikov, Viktor"]
[Black "Hulak, Krunoslav"]
[Result "1-0"]
[WhiteElo "2580"]
[BlackElo "2560"]
[EventDate "1990.05.??"]
[PlyCount "79"]

1.d4 d5 2.c4 dxc4 3.e3 Nf6 4.Bxc4 e6 5.Nf3 c5 6.O-O a6 7.a4 Nc6 8.Qe2 cxd4
9.Rd1 Be7 10.exd4 O-O 11.Nc3 Nb4 12.Ne5 b6 13.Qf3 Ra7 14.Qg3 Rc7 15.Bh6 
Ne8 16.d5 Rxc4 17.Nxc4 Bh4 18.Qb8 gxh6 19.Nxb6 Qc7 20.Qxc7 Nxc7 21.Rd4 Nc2
22.Rg4+ Bg5 23.Rc1 f5 24.Rxg5+ hxg5 25.Rxc2 Bb7 26.d6 Na8 27.Nc4 Rc8 28.
Rd2 Kg7 29.g3 g4 30.Kf1 Kf6 31.Ke2 Bc6 32.b3 Bd7 33.Rd3 h5 34.Ke3 h4 35.
Kd4 Rc6 36.a5 h3 37.f4 Rc8 38.Ne5 Rd8 39.Nxd7+ Rxd7 40.Kc5 1-0

[Event "GMA World Cup qual f"]
[Site "Moscow URS"]
[Date "1990.??.??"]
[Round "10"]
[White "Tukmakov, Vladimir"]
[Black "Spraggett, Kevin"]
[Result "1/2-1/2"]
[WhiteElo "2570"]
[BlackElo "2555"]
[EventDate "1990.05.??"]
[PlyCount "25"]

1.d4 Nf6 2.c4 g6 3.Nf3 Bg7 4.g3 O-O 5.Bg2 d6 6.O-O Nbd7 7.Nc3 e5 8.e4 exd4
9.Nxd4 Re8 10.h3 Nc5 11.Re1 a5 12.Nf3 Nfd7 13.Rb1 1/2-1/2

[Event "GMA World Cup qual f"]
[Site "Moscow URS"]
[Date "1990.??.??"]
[Round "10"]
[White "Makarichev, Sergei"]
[Black "Vaganian, Rafael"]
[Result "1/2-1/2"]
[WhiteElo "2510"]
[BlackElo "2605"]
[EventDate "1990.05.??"]
[PlyCount "26"]

1.c4 c5 2.Nc3 g6 3.g3 Bg7 4.Bg2 Nc6 5.e3 e6 6.Nge2 Nge7 7.O-O O-O 8.d4 
cxd4 9.Nxd4 Nxd4 10.exd4 d5 11.cxd5 Nxd5 12.Nxd5 exd5 13.Be3 Be6 1/2-1/2

[Event "GMA World Cup qual f"]
[Site "Moscow URS"]
[Date "1990.??.??"]
[Round "10"]
[White "Vladimirov, Evgeny"]
[Black "Timoschenko, Gennady"]
[Result "1/2-1/2"]
[WhiteElo "2565"]
[BlackElo "2505"]
[EventDate "1990.05.??"]
[PlyCount "26"]

1.e4 e5 2.Nf3 Nc6 3.Bb5 a6 4.Bxc6 dxc6 5.O-O f6 6.d4 exd4 7.Nxd4 c5 8.Nb3 
Qxd1 9.Rxd1 Bg4 10.f3 Be6 11.Nc3 c4 12.Nd4 Bc5 13.Be3 Bxd4 1/2-1/2

[Event "GMA World Cup qual f"]
[Site "Moscow URS"]
[Date "1990.??.??"]
[Round "10"]
[White "King, Daniel John"]
[Black "Nogueiras Santiago, Jesus"]
[Result "1/2-1/2"]
[WhiteElo "2515"]
[BlackElo "2555"]
[EventDate "1990.05.??"]
[PlyCount "26"]

1.e4 e6 2.d4 d5 3.Nc3 Nf6 4.Bg5 dxe4 5.Nxe4 Be7 6.Bxf6 gxf6 7.Nf3 b6 8.Bc4
Bb7 9.Qe2 c6 10.O-O-O Qc7 11.Kb1 Nd7 12.Rhe1 O-O-O 13.Ba6 Rhe8 1/2-1/2

[Event "GMA World Cup qual f"]
[Site "Moscow URS"]
[Date "1990.??.??"]
[Round "10"]
[White "Arnason, Jon"]
[Black "Eingorn, Viacheslav"]
[Result "1/2-1/2"]
[WhiteElo "2500"]
[BlackElo "2570"]
[EventDate "1990.05.??"]
[PlyCount "54"]

1.e4 e6 2.d4 d5 3.Nd2 c5 4.Ngf3 cxd4 5.exd5 Qxd5 6.Bc4 Qd6 7.O-O Nf6 8.Nb3
Nc6 9.Nbxd4 Nxd4 10.Nxd4 Bd7 11.c3 Be7 12.Qe2 O-O 13.Re1 Rac8 14.Bb3 Qb6 
15.Be3 Bc5 16.Bg5 Bxd4 17.cxd4 Qb5 18.Qe5 Qxe5 19.dxe5 Nd5 20.Rac1 Bc6 21.
Bxd5 Bxd5 22.a3 a6 23.Rxc8 Rxc8 24.Rc1 Bc6 25.Be7 Re8 26.Bd6 h6 27.f3 Rc8 
1/2-1/2

[Event "GMA World Cup qual f"]
[Site "Moscow URS"]
[Date "1990.??.??"]
[Round "10"]
[White "Chernin, Alexander"]
[Black "Naumkin, Igor"]
[Result "1-0"]
[WhiteElo "2600"]
[BlackElo "2455"]
[EventDate "1990.05.??"]
[PlyCount "87"]

1.c4 e5 2.Nc3 Nf6 3.Nf3 Nc6 4.a3 d5 5.cxd5 Nxd5 6.Qc2 Nb6 7.e3 Bd6 8.Bd3 
h6 9.b4 a6 10.Be2 O-O 11.d3 Be6 12.O-O Qe7 13.Bb2 f5 14.Rac1 Qf7 15.Nd2 
Rae8 16.Bf3 Nd8 17.g3 Kh8 18.Bg2 f4 19.Nce4 Nc6 20.d4 exd4 21.exf4 Be7 22.
Rfe1 Rd8 23.Qd1 Bd5 24.Bf3 Nc4 25.Nxc4 Bxc4 26.Bh5 Qg8 27.Nd2 Be6 28.Qe2 
Rd6 29.Ne4 d3 30.Qd2 Rd5 31.f5 Bxf5 32.Qxh6+ Bh7 33.Bg6 d2 34.Bxh7 dxe1=Q+
35.Rxe1 Qxh7 36.Bxg7+ Kg8 37.Bxf8 Qxh6 38.Bxh6 Nd4 39.Kg2 a5 40.bxa5 Rxa5 
41.Rd1 Nf5 42.Bf4 c6 43.Rd7 b5 44.Nd6 1-0

[Event "GMA World Cup qual f"]
[Site "Moscow URS"]
[Date "1990.??.??"]
[Round "11"]
[White "Dolmatov, Sergei"]
[Black "Beliavsky, Alexander"]
[Result "0-1"]
[WhiteElo "2620"]
[BlackElo "2640"]
[EventDate "1990.05.??"]
[PlyCount "82"]

1.e4 e5 2.Nf3 Nc6 3.Bb5 a6 4.Ba4 Nf6 5.O-O b5 6.Bb3 Bb7 7.Re1 Bc5 8.c3 d6 
9.d4 Bb6 10.Bg5 h6 11.Bh4 g5 12.Bg3 O-O 13.Qd3 Nh5 14.Nbd2 Qf6 15.Bd5 Rae8
16.a4 Nxg3 17.hxg3 exd4 18.axb5 axb5 19.Bxc6 Bxc6 20.Nxd4 Bd7 21.N2f3 b4 
22.Nf5 Bxf5 23.exf5 bxc3 24.bxc3 Rxe1+ 25.Rxe1 Kg7 26.Nh2 h5 27.g4 h4 28.
Nf3 Ra8 29.Qd2 Ra4 30.Nh2 Rc4 31.Rc1 Ba5 32.Qe3 d5 33.Qe8 Bxc3 34.Qd7 Be5 
35.Rd1 Bxh2+ 36.Kxh2 c6 37.Re1 Rxg4 38.g3 hxg3+ 39.fxg3 Rb4 40.Kg2 Rb2+ 
41.Kh3 Rb4 0-1

[Event "GMA World Cup qual f"]
[Site "Moscow URS"]
[Date "1990.??.??"]
[Round "11"]
[White "Polugaevsky, Lev"]
[Black "Gelfand, Boris"]
[Result "1/2-1/2"]
[WhiteElo "2610"]
[BlackElo "2615"]
[EventDate "1990.05.??"]
[PlyCount "60"]

1.Nf3 Nf6 2.c4 g6 3.g3 Bg7 4.Bg2 O-O 5.O-O c5 6.d4 cxd4 7.Nxd4 Nc6 8.Nc3 
Nxd4 9.Qxd4 d6 10.Qd3 a6 11.Bd2 Rb8 12.a4 Bd7 13.a5 b6 14.axb6 Qxb6 15.b3 
Bf5 16.e4 Be6 17.Rab1 Nd7 18.Be3 Nc5 19.Qc2 Bxc3 20.Qxc3 Qb4 21.Qxb4 Rxb4 
22.e5 Rxb3 23.Rxb3 Nxb3 24.exd6 exd6 25.Rd1 Bxc4 26.Rxd6 a5 27.Rc6 Be6 28.
Ra6 Bc4 29.Rc6 Be6 30.Ra6 Bc4 1/2-1/2

[Event "GMA World Cup qual f"]
[Site "Moscow URS"]
[Date "1990.??.??"]
[Round "11"]
[White "Seirawan, Yasser"]
[Black "Chernin, Alexander"]
[Result "1/2-1/2"]
[WhiteElo "2595"]
[BlackElo "2600"]
[EventDate "1990.05.??"]
[PlyCount "32"]

1.d4 d5 2.c4 e6 3.Nc3 c6 4.e3 Nf6 5.Nf3 Nbd7 6.Bd3 dxc4 7.Bxc4 b5 8.Be2 b4
9.Na4 Bb7 10.O-O Be7 11.b3 O-O 12.Bb2 Rc8 13.Rc1 c5 14.dxc5 Nxc5 15.Bxf6 
gxf6 16.Nxc5 Bxc5 1/2-1/2

[Event "GMA World Cup qual f"]
[Site "Moscow URS"]
[Date "1990.??.??"]
[Round "11"]
[White "Sokolov, Andrei"]
[Black "Sax, Gyula"]
[Result "1/2-1/2"]
[WhiteElo "2585"]
[BlackElo "2605"]
[EventDate "1990.05.??"]
[PlyCount "38"]

1.e4 c5 2.Nf3 d6 3.d4 cxd4 4.Nxd4 Nf6 5.Nc3 Nc6 6.Be2 e6 7.O-O Bd7 8.Be3 
Be7 9.Kh1 O-O 10.f4 Nxd4 11.Qxd4 Bc6 12.Bf3 Qc7 13.a4 b6 14.f5 exf5 15.
exf5 Bxf3 16.Rxf3 d5 17.Qh4 Rad8 18.Bd4 Ne8 19.Qg4 Bf6 1/2-1/2

[Event "GMA World Cup qual f"]
[Site "Moscow URS"]
[Date "1990.??.??"]
[Round "11"]
[White "Portisch, Lajos"]
[Black "Chandler, Murray Graham"]
[Result "1/2-1/2"]
[WhiteElo "2605"]
[BlackElo "2585"]
[EventDate "1990.05.??"]
[PlyCount "39"]

1.d4 Nf6 2.c4 e6 3.Nc3 Bb4 4.e3 O-O 5.Bd3 d5 6.Nf3 b6 7.O-O Bb7 8.cxd5 
exd5 9.a3 Bd6 10.b4 a6 11.Qb3 Qe7 12.Rb1 Nbd7 13.b5 axb5 14.Nxb5 c5 15.Bc2
Bc6 16.Nxd6 Qxd6 17.Qb2 Qe6 18.Qa1 Ba4 19.Bxa4 Rxa4 20.dxc5 1/2-1/2

[Event "GMA World Cup qual f"]
[Site "Moscow URS"]
[Date "1990.??.??"]
[Round "11"]
[White "De Firmian, Nick"]
[Black "Azmaiparashvili, Zurab"]
[Result "1/2-1/2"]
[WhiteElo "2565"]
[BlackElo "2610"]
[EventDate "1990.05.??"]
[PlyCount "98"]

1.e4 e5 2.Nf3 Nc6 3.Bb5 g6 4.d4 exd4 5.Bg5 Be7 6.Bxe7 Qxe7 7.O-O Qb4 8.
Bxc6 dxc6 9.Qxd4 Qxd4 10.Nxd4 Bd7 11.Nc3 O-O-O 12.Rad1 Nh6 13.f3 Rhe8 14.
Kf2 f6 15.Rd2 Nf7 16.Rfd1 Nd6 17.b3 Re5 18.Nde2 b6 19.Nf4 Rde8 20.h4 Kb7 
21.g4 Rc5 22.Na4 Rce5 23.Nc3 Rc5 24.Na4 Rce5 25.Kg3 Bc8 26.Nc3 R5e7 27.Nd3
Rg8 28.Re2 h5 29.e5 fxe5 30.Rxe5 Reg7 31.Nf2 Rf8 32.Nce4 Nxe4+ 33.Rxe4 
Rgf7 34.Re3 hxg4 35.Nxg4 Rh7 36.Rd2 Bf5 37.c3 a5 38.a3 Rfh8 39.Rh2 Rd8 40.
b4 Rd1 41.bxa5 bxa5 42.Kf4 Rd6 43.Ne5 Rh5 44.Kg3 Rd1 45.c4 Rg1+ 46.Kf2 Rb1
47.Kg3 Rg1+ 48.Kf2 Rb1 49.Kg3 Rg1+ 1/2-1/2

[Event "GMA World Cup qual f"]
[Site "Moscow URS"]
[Date "1990.??.??"]
[Round "11"]
[White "Nikolic, Predrag"]
[Black "Psakhis, Lev"]
[Result "1-0"]
[WhiteElo "2600"]
[BlackElo "2570"]
[EventDate "1990.05.??"]
[PlyCount "47"]

1.d4 e6 2.c4 Bb4+ 3.Bd2 a5 4.Nf3 d6 5.g3 Nc6 6.Bg2 e5 7.O-O exd4 8.Nxd4 
Nxd4 9.Bxb4 axb4 10.Qxd4 Qf6 11.Qd2 c5 12.Rd1 Ra6 13.a3 Ne7 14.Ra2 O-O 15.
b3 Rb6 16.axb4 Rxb4 17.Ra3 b5 18.cxb5 d5 19.Rc1 Rxb5 20.Nc3 Rb4 21.Na4 Bf5
22.Nxc5 Rfb8 23.Qxb4 Rxb4 24.Nd7 1-0

[Event "GMA World Cup qual f"]
[Site "Moscow URS"]
[Date "1990.??.??"]
[Round "11"]
[White "Khalifman, Alexander"]
[Black "Gulko, Boris"]
[Result "1-0"]
[WhiteElo "2560"]
[BlackElo "2610"]
[EventDate "1990.05.??"]
[PlyCount "125"]

1.d4 Nf6 2.c4 e6 3.Nf3 b6 4.g3 Bb7 5.Bg2 Be7 6.Nc3 Ne4 7.Bd2 Bf6 8.Qc2 
Nxd2 9.Qxd2 d6 10.O-O O-O 11.Rfd1 Nd7 12.d5 e5 13.e4 a5 14.Qc2 Qe7 15.a3 
Rfb8 16.b4 Qd8 17.Nd2 Bg5 18.Nb3 axb4 19.axb4 Rxa1 20.Rxa1 Ra8 21.Qd1 Nf6 
22.h4 Bh6 23.c5 Qb8 24.c6 Ba6 25.Bf1 Bxf1 26.Qxf1 g6 27.Kg2 Qc8 28.Qb1 Ra6
29.Qf1 Ra8 30.f3 Ne8 31.Qb1 Ra6 32.Qf1 Ra8 33.Qb1 Ra6 34.Ra2 Qa8 35.Qa1 
Rxa2+ 36.Qxa2 Qxa2+ 37.Nxa2 Kf8 38.Nc3 Ke7 39.Kf2 Ng7 40.Nb5 Ne8 41.Ke2 
Kd8 42.Kd3 Kc8 43.Nc3 Kd8 44.Na1 Bc1 45.Ne2 Bh6 46.Nc2 Bg7 47.Ne3 Bh6 48.
Nc4 Nf6 49.g4 Ne8 50.g5 Bg7 51.Ne3 h6 52.Ng1 Kc8 53.Kc4 Kb8 54.Ng4 h5 55.
Nh6 f6 56.Nf7 fxg5 57.hxg5 Ka7 58.b5 Kb8 59.Nh3 Kc8 60.Kd3 Bf8 61.Nh8 Kd8 
62.Nxg6 Be7 63.Nh4 1-0

[Event "GMA World Cup qual f"]
[Site "Moscow URS"]
[Date "1990.??.??"]
[Round "11"]
[White "Tal, Mikhail"]
[Black "Gavrikov, Viktor"]
[Result "1/2-1/2"]
[WhiteElo "2585"]
[BlackElo "2580"]
[EventDate "1990.05.??"]
[PlyCount "27"]

1.Nf3 Nf6 2.c4 b6 3.d4 e6 4.Nc3 Bb7 5.Bg5 h6 6.Bh4 Be7 7.e3 Ne4 8.Bxe7 
Qxe7 9.Nxe4 Bxe4 10.Be2 O-O 11.O-O d6 12.Nd2 Bb7 13.Bf3 c5 14.Bd5 1/2-1/2